000 00512nam a2200145Ia 4500
008 100122s9999 xx 000 0 und d
082 _b59807
_a823.08
100 _aBLYTON ENID
245 _aLAST TERM AT MALORY TOWERS --- (मधली पाने नाहीत)
260 _bMAMMOTH
_c1997
300 _a146
630 _aLAST TERM AT MALORY TOWERS --- (मधली पाने नाहीत)
730 _aLAST TERM AT MALORY TOWERS --- (मधली पाने नाहीत)
942 _cBOOK
999 _c377723
_d377720